000 00704nam a2200229 i 4500
003 DO-SdBNP
005 20230913132901.0
007 ta
008 110413s1951 dr co 000 0 spa d
040 _aDO-SdBNP
_bspa
_cBNPHU
_erda
082 _bC292r
_222
100 _aCaro, Néstor,
_d1917-
_927997
245 1 0 _aRuta y esperanza de San Cristóbal /
_cNestor Caro
264 _aCiudad Trujillo, República Dominicana :
_bDel Caribe,
_c1951.
300 _a25 páginas
_c23 cm.
_bretratos, fotografías
336 _2rdacontent
_atexto
_btxt
337 _2rdamedia
_asin mediación
_bn
338 _2rdacarrier
_avolumen
_bnc
590 _aInventariado, 2023/ YL
910 _aYLockward
942 _2ddc
_cLF2
999 _c54730
_d54730